Name a Doctor Who Alien A-Z - Statistics

General Stats
  • This quiz has been taken 95 times
  • The average score is 12 of 25
Answer Stats
Letter Aliens/Creatures Other Aliens % Correct
D Dæmon | Dalek | Dominator | +25 Dahh-Ren | Dalek-Human Hybrid | Davros | Death Wraith | Deep-Space Squid | Defence Drone | Denebian | The Destroyer | Diplosian | Dipthodat | Disciples of the Light | The Division | Djinni | The Doctor | Dot | Draconian | Dragon | Drahvin | Drashig | Dream Crab | Dreg | Dronidian | Dryad | Dullirian | Dum
95%
C Catkind | Chuldur | Cyberman | +47 Cal MacNannovich | Calopian | Cantryan | Caretaker | Carpanthan | Carrionite | Cassandra | Castrovalvan | Caterpillar Man | Cave Creature | Caw | Celation Nebula | Centuripede | Chagaska | Chameleon | Charon | Charrl | Cheetah Person | Cheetah Planet | Chimeron | Chip | Chlorisian | Chronovore | Chumbley | Cimmerian | Cissadian Cephalopod | Clawrantular | Cleaner | Clockwork Droid | Clockwork Soldier | Clone Drone | Cockroach | Colony Sarff | Comet Flower | Crespallion | Crooked Man | Crustian | Cryon | Crystalline Creature | The Cult of Skaro | Cun | Cyberium | CyberMaster | Cybermat | Cybermite | Cybershades | Cyrene
93%
S The Silence | Sontaran | Sycorax Salakan | Salander | Saldisian | Salostophusian | Sand Beast | Sand Creature | Sandman | Saturnynian | Scholars of the University of Rago Rago 56 Rago | Scorpius Fly | Scourge | Screamer | Sculti | Sea Devil | Segonaxian | Sensorite | Sentreal | Shadow Architect | Shadow Kin | Shakri | Shalka | Shansheeth | Shinx | Shlangii | Shobogan | Shreeve | Shrivenzale | Silurian | Singing Squid | Siren | Sisterhood of Karn | Sisters of Plenitude | Skarasen | Skaro Electric Eel | Skithra | Skithra Queen | Skonnans | Skovox | Skovox Blitzer | Skullion | Sky Fish | Slab | Slitheen | Slithergee | Sloathe | Slyther | Smiler | SniperBot | Snowmen | Solar Bear | Solarian | Solitract | Solonian | Sontila | Sou(ou)shi | Soul Pirate | Space Amoeba | Spider | Spider Germ | Spillager | Spiridian | Sponge-plant | Spoonhead | Stage Tree | Star Whale | Starman | Stenza | Stigorax | Stingray | Stinksloth | Sundayan 'Gator | Sundayan Otter | Super-Voc | Sutekh | Swamp Creature | Swampie | Swarm | The Swarm
87%
A Abzorbaloff | Adipose | Aggedor | +44 Adherents of the Repeated Meme | Aeolian | Akhaten | Albarian | Alforia | All of Us | The Alliance | Alpha Centauran | Altairian | Alvarian Space Wyrm | Alvega Earthworm | Alzarian | Alzarian Spider | Amaryll | Ambassadors of the City State of Binding Light | Ancient Light | Androgum | Androzani Pine Tree | Anethan | Angel | Animus | Anne Droid | Anti-Matter Creature | Antle | Anubian | Anuran | Apalapucian | Arcateenian | Architects of Algol | Archon | Arcturan | Arcturus | Argolin | Aridian | Arn | Ash Wraith | Atraxi | Automaton | Automaton | Auton | Avian | Axon | Azal | Azure
78%
M Macra | Mechanoid | Monk | +65 Maestro | Magla | Magma Beast | Magnedon | Malevilus | Malmooth | Malpha | Malus | Mammalianoid Betrushian | Mandrel | Mantasphid | Mantis | Mantrap | Manussans | Mara | Marshman | Martian | Martian | Martian | The Master | Matron | Max Capricorn | Mayzerian | Medusoid | Meep | Meercock | Megaluthian Slime Skimmer | Megara | Memory Worm | Menoptera | Mentor | Mercurial | Mercy Hartigan | Mermaid | Meron | Metalkind | Metatraxi | Metraxis | Midnight Entity | The Mighty Jagrafess | Migrant Bee | Mim | Minotaur | Minyan | Mire Beast | Miss Foster | Missy | Mogarian | Molluscari | Mondas Inhabitant | Monoid | Monstron | Moon Germ | Morbius | Morlox | Morok | Morpho | Mouri | Movellan | Mr Finch | Mr Sweet | Multiform | The Mummy | Mutant Spider | Muxteran | Myrka
67%
T Teselecta | Time Lord | Toclafane | +43 Taran wood beast | TARDIS | Tecteun | The Teller | Tenza | Terileptil | Terraberserker | Terradonian | Terrorkon | Teselecta Antibodies | Tetrap | Teuthoidian | Thal | Thames River Monster | Thara | Tharil | Thassor | Thijarian | Thoros Alphan | Threllip | Tigellan | Time Beetle | Time Eater | Time Zombie | Timeless Child | Tivolian | Torajii | The Toymaker | Tractator | Trakenite | Trantis | Travist Polong | Trebhum | Trees of Cheem | Trell | Trigannon | Trin-E | Trion | Tritovore | Trod | Tuthon | Tyrryxian | Tythonian
65%
W Weeping Angel | The Wire | Wirrn | +15 War Lord | The War Machine | Waro | Warrien | Water Pigeon | Weed Creature | Werewolf | Whifferdill | The Whisper Men | The White Robot | Wine Lord | Wirm | Wolfweed | Wotan | Wrarth Warrior
65%
Z Zarbi | Zocci | Zygon | +5 Zaralok | Zephon | Zodin | Zolfa-Thuran | ZuZana
63%
O Ogri | Ood | Optera | +8 Ockoran | Ogron | Ogron Predator | Oil | Ondrockan | Oolon Colluphid | Oroog | Osirian
58%
V Vashta Nerada | Vespiform | Voord | +26 Valdigian | Valethske | Vanir | Vardan | Vardy | Varga Plant | Vart | Vegan | Veil | Velosian Bornox | Venusian | Veritan | Vervoid | Vigil | Villengard Algorithm | Vinvocci | Viperox | Visian | Vist | The Vlinx | Voc | Vogan | Vogan | Vorax | Vrill | Vulpanan
50%
G Glass Avatar | Goblin | The Great Intelligence | +39 Galactic Federation | Galk | Galyari | Ganger | Gargan | Garm | Gastropod | Gathering coil | Gavin | Gaztak | Gearon | Gell Guard | Gelth | GENIE | Gholos | Ghost | Gifftan | Glasseater | Glow-Fish | God of the Lorr | Gods of Ragnarok | Gorgon | Grace | The Grand Serpent | Graske | Great Old One | Great Vampire | Green Alien | Grel | Grellig | Groske | Grub | Grunt | Guardian | Gubbage Cone | Gulfrarg | Gulmeri | Gumblejack
42%
F The Fisher King | The Flood | Futurekind | +17 Fairy | Family of Blood | Father Angelo | Feathered People | Feledrin | Fendahl | Fenric | Figure | Fish People | Fledging Empires | Flemming | Flesh-eating microbe | Fleshkind | Flesh Moth | Foamasi | Foretold | Forsaken
40%
B Bandril | The Beast | Boneless | +21 Baaraddelskelliumfatrexius Beast | Balhoonian | Baltazar | Bane | Bannermen | Bapputchin | Barabara | Barcelonan Dog | Beaus | Berserker | Bestiarus | Blathereen | Blowfish | Boekind | Bogeyman | Borad | Borusa | Borvali | Breeble | Bruydac | Butterfly
38%
K K1 | K9 | Krynoid | +40 Kahler | Kahler Cyborg | Kaldarean Bedmite | Kaldor android | Kaled | Kalik | Kamelion | Kamelius | Kandyman | Kantrofarri | Karfelon | Karkinian | Kasaavin | Kastrian | Keeba | Keltan | Keratin | Kerb!am Man | Khellian | Khthon | Komnyan | Kinda | Kiseibya | Kith | Kitling | Klendov | Kooskaru | Koquillion | Korven | Koturian | Kraal | Krafayis | Krarg | Krasko | Krattorian | Krillitane | Kroll | Kromon | Krontep | Kroton
38%
H Haemovore | Hath | Headless Monk | +19 Halfling | Handbot | The Harbinger | Harmony Shoal | Heavenly Host | Heligan Tree | Hoix | Hooloovoo | Hoothi | Hop Pyleen | Hopper | Horda | The Host | Hroth | Hua-Shen | Huduct | Humanised Dalek | Hunter | Hyph3n
37%
R Racnoss | Raxacoricofallapatorian | Reaper | +25 The Raak | The Race | Raston Warrior Robot | Rat | Ravager | Red Leech | Red Weed | Reever Plant | Refusian | Remnant | Remoraxian | Reptilianoid Betrushian | Rhodian | Ribbon | Ribosian | Rill | Riverfruit | Roboform | Robot 2 | Robot Knight | Robot Spider | Robot Yeti | Roltean | Rovie | Rutan
37%
J Jacondan | Janus | Judoon | +6 Jaftee | Jagaroth | Jevon | Jixen | Jorj | Jovian
35%
P Plasmavore | P'ting | Pyrovile | +29 Pakoo | Pan-Babylonian | Pandimensional Sun Creature | Pantheon of Discord | Passenger | Peg-doll | Peladonian | Pellonian | The People | Pescaton | Petrifold Regression | Phrynian | Pig Slave | Pipe People | Piranha Locust | Piranhatel Beetle | Piscon | Plasmaton | Pleyarec | Plungboll | Porcian | Posicarian | Praxeus | Priest Triangle | Primord | Proamonian | Professor Lazarus | Profiteer of Ephte | Proximan
35%
I Ice Warrior | Inter Minorian | Isolus | +3 Integral | Ironweed | Ish
33%
N Nestene | Nimon | Not-things | +5 Naglon | Nanoform | Navarino | Nedenah | Numlock
28%
E Eknodine | The Empty Child | Eternal | +18 Eater of Light | Ectoslime | The Editor | Eight Legs | Emojibot | The Empress of the Racnoss | Engibrain | The Entity | Entropy Siren | Equinian | The Eraser | Etydion | Eutermesan | Eve | Excalbian | Exo III Android | Exxilon | Eye-plant
23%
Q Quantum Shade | Quark | Queen Bat | +3 Qetesh | Queen of Years | Qurunx
13%
X Xeraphin | Xeron | Xylok
13%
U Urbankan | Usurian | Uvodni | +4 Ukkan | Ultramancer | Ux | Uxariean
12%
L Lamp People | Larvae Gun | Lugal-Irra-Kush | +22 L3 | Lady Adrasta | Laiderplacker | Lakertyan | Lamadine | Lankin | Larian | Leaf Dragon | Legion | Leonian | Levithians | Light City Inhabitant | Logopolitan | Lorr | Lotapareen | Lucanian | Lucius Petrus Dextrus | Luna | Lupar | Lupine Wavelength Haemovariform | Lurman | Luron
8%
No matching quizzes found
Score Distribution
Percent of People with Each Score
Percentile by Number Answered
Your Score History
You have not taken this quiz